| 000 | 02042nam a22002897a 4500 | ||
|---|---|---|---|
| 001 | 9776 | ||
| 003 | FISKH | ||
| 005 | 20260223145738.0 | ||
| 008 | 260223b cb ||||| |||| 00| 0 eng d | ||
| 020 | _a9780241638477 | ||
| 040 |
_aFISKH _beng _cFISKH _dFISKH |
||
| 050 | _aPZ7 .B26225 | ||
| 082 | _a813.6 | ||
| 100 | _aBarnes, Jennifer Lynn | ||
| 245 |
_aThe brothers Hawthorne : _bThere is nothing more than winning / _c Jennifer Lynn Barnes |
||
| 250 | _aThis edition published in 2024. | ||
| 260 |
_aLondon : _bPenguin Books, _c2023 |
||
| 300 |
_a471 pages : _c20 cm |
||
| 490 |
_aThe Inheritance Games : _vBook four |
||
| 505 | _aP | ||
| 520 | _aGrayson Hawthorne was raised as the heir apparent to his billionaire grandfather, taught from the cradle to put family first. Now the great Tobias Hawthorne is dead and his family disinherited, but some lessons linger. When Grayson�s half-sisters find themselves in trouble, he swoops in to do what he does best: take care of the problemefficiently, effectively, mercilessly. And without getting bogged down in emotional entanglements. Jameson Hawthorne is a risk-taker, a sensation-seeker, a player of games. When his mysterious father appears and asks for a favor, Jameson cant resist the challenge. Now he must infiltrate Londons most exclusive underground gambling club, which caters to the rich, the powerful, and the aristocratic, and win an impossible game of greatest stakes. Luckily, Jameson Hawthorne lives for impossible. Drawn into twisted games on opposite sides of the globe, Grayson and Jamesonwith the help of their brothers and the girl who inherited their grandfathers fortunemust dig deep to decide who they want to be and what each of them will sacrifice to win. While you wait for The Brothers Hawthorne to come out, try Jennifer Lynn Barness thrilling mystery series, The Naturals. | ||
| 521 | 8 |
_a640
_bLexile |
|
| 521 | 8 |
_aP _bRaz-Plus |
|
| 650 |
_aMystery _vRomance _xYoung Adult |
||
| 942 |
_2ddc _cBK _n0 |
||
| 999 |
_c9776 _d9776 |
||